Masculin ou féminin? - Statistiques

Statistiques générales
  • Ce quiz a été pris 173 fois
  • Le résultat moyen est 8 sur 15
Statistiques - réponses
Question Réponse % Correct
Pétale Masculin
81%
Omoplate Féminin
69%
Orthographe Féminin
65%
Tentacule Masculin
62%
Entracte Masculin
60%
Orbite Féminin
54%
Astérisque Masculin
54%
Aparté Masculin
53%
Haltère Masculin
52%
Oasis Féminin
46%
Equinoxe Masculin
46%
Echappatoire Féminin
44%
Octave Féminin
33%
Anagramme Féminin
25%
Alvéole Masculin
22%
Aucun quiz correspondant
Distribution des résultats
% des personnes avec chaque résultat
Percentile par nombre de réponses
Votre historique - résultats
Vous n’avez pas pris ce quiz